Political language in international relations
Jazyk politiky a diplomacie, ako aj interkultúrnej komunikácie. Komunikácia v niektorých oblastiach praxe najmä v medzinárodných vzťahoch, medzinárodnej politike, medzinárodnom obchode, podnikaní, školstve, vede a diplomacii. Procesy prebiehajúce v profesijnej oblasti, kde dochádza ku kontaktu medzi...
Salvato in:
| Autore principale: | |
|---|---|
| Natura: | Capitolo di libro |
| Lingua: | inglese |
| Soggetti: | |
| Tags: |
Nessun Tag, puoi essere il primo ad aggiungerne!!
|
MARC
| LEADER | 00000naa$a2200000$$$4500 | ||
|---|---|---|---|
| 001 | 0223820 | ||
| 005 | 20240502073650.2 | ||
| 041 | 0 | |a eng | |
| 044 | |a SK | ||
| 245 | 1 | 0 | |a Political language in international relations |c Silvia Adamcová |
| 520 | |a Jazyk politiky a diplomacie, ako aj interkultúrnej komunikácie. Komunikácia v niektorých oblastiach praxe najmä v medzinárodných vzťahoch, medzinárodnej politike, medzinárodnom obchode, podnikaní, školstve, vede a diplomacii. Procesy prebiehajúce v profesijnej oblasti, kde dochádza ku kontaktu medzi diplomatmi z rôznych kultúr a rôznych jazykov. | ||
| 610 | 2 | 0 | |a jazyk diplomatický |
| 610 | 2 | 0 | |a jazykoveda |
| 610 | 2 | 0 | |a jazyky cudzie |
| 610 | 2 | 0 | |a konverzácia |
| 610 | 2 | 0 | |a štylistika |
| 610 | 2 | 0 | |a komunikácia interkultúrna |
| 610 | 2 | 0 | |a politika |
| 610 | 2 | 0 | |a diplomacia |
| 100 | 1 | |a Adamcová, Silvia, 1984- | |